| 000 | 00489cam a2200169 i 4500 | ||
|---|---|---|---|
| 005 | 20260215103020.0 | ||
| 008 | 250721s2005 ii gr 000 0 eng d | ||
| 020 | _a8180613941 | ||
| 082 | 1 | 4 |
_a610.736 _bE B N |
| 100 | 1 |
_aebnezar, john _eAuthor. |
|
| 245 | 1 | 0 |
_aorthopaedics for nurses / _cJohan Ebnezar. |
| 264 | 3 | 1 |
_anew delhi : _bjaypee brothers medical publisers ( p ) ltd, _c2005. |
| 300 | _a437 Page. | ||
| 650 | 1 | 7 | _aNURSSES. |
| 942 |
_2ddc _cBK |
||
| 999 |
_c117249 _d117249 |
||